Pollution problems in the mineral and metallurgical industries

Gespeichert in:
Bibliographische Detailangaben
1. Verfasser: Habashi, Fathi (VerfasserIn)
Format: Buch
Sprache:Englisch
Veröffentlicht: Quebec Metallurgie Extractive Quebec 1996
Ausgabe:1a. ed
Schlagworte:
Tags: Tag hinzufügen
Keine Tags, Fügen Sie den ersten Tag hinzu!

MARC

LEADER 00000cam a2200000 a 4500
001 UCC6692
003 CL-VaPUC
008 181227e19960000cn |||||||||||||||||eng|d
020 |a 2980324728 
082 0 4 |a 363.731  |b HAB  |2 21 
100 |a Habashi, Fathi  |e author  |9 622016 
245 1 0 |a Pollution problems in the mineral and metallurgical industries 
250 |a 1a. ed 
300 |a 137 p 
942 |c BK 
945 |d 20181227 16:12:00  |a dcastane 
260 |a Quebec  |b Metallurgie Extractive Quebec  |c 1996 
650 7 |a CONTAMINACION INDUSTRIAL  |2 CL-VaPUC  |9 261690 
650 0 |a Protección del medio ambiente  |9 257626 
583 |a last modification  |c 20181227 16:12:00  |k Rodrigo Vera 
999 |c 373559  |d 373557 
952 |0 0  |1 0  |3 erb  |4 0  |6 363_731000000000000_HAB_1996  |7 0  |8 A  |9 491750  |a BIBING  |b BIBING  |i 5527066  |o 363.731 HAB 1996  |p 5527066  |r 2025-01-20  |w 2019-11-24  |y BK  |z Catalogado en:20181227  |k EIQ